| 000 | 01090cam a2200349I 4500 | ||
|---|---|---|---|
| 001 | 13494 | ||
| 003 | BD-RjUL | ||
| 005 | 20211208235449.0 | ||
| 008 | 140201r19611959njua 001 0 eng | ||
| 035 | _aMITb10895974 | ||
| 035 | _a(BD-RjUL)13545 | ||
| 040 |
_aDLC _cKSU _dSER _dUKM _dMYG _dBD-RjUL _beng |
||
| 041 | _aeng | ||
| 082 | 0 | 4 |
_a371.425 _216 _bSHO 1961 |
| 090 |
_aHF5381 _b.S52x 1959 |
||
| 100 | 1 |
_aShartle, Carroll L. _942090 |
|
| 245 | 1 | 0 |
_aOccupational information : _bits development and application / |
| 250 | _a3rd ed. | ||
| 260 |
_aEnglewood Cliffs, N.J. : _bPrentice-Hall, _c1959 [printing 1961]. |
||
| 300 |
_a384 p. : _billus. ; _c24 cm. |
||
| 490 | 1 | _aPrentice-Hall industrial relations and personnel series | |
| 504 | _aIncludes index. | ||
| 650 | 0 |
_aVocational guidance. _942091 |
|
| 650 | 0 |
_aOccupations. _942092 |
|
| 650 | 0 |
_aJob analysis. _942093 |
|
| 830 | 0 |
_aPrentice-Hall industrial relations and personnel series. _942100 |
|
| 942 |
_2ddc _cBK |
||
| 946 | _at | ||
| 949 |
_ac _p39080020329527 |
||
| 999 |
_c13494 _d13494 |
||